[Event "SportAccord Blitz Women 2012"]
[Site "Beijing CHN"]
[Date "2012.12.17"]
[Round "14.2"]
[White "Koneru, Humpy"]
[Black "Muzychuk, Anna"]
[Result "1/2-1/2"]
[WhiteTitle "GM"]
[BlackTitle "GM"]
[WhiteElo "2610"]
[BlackElo "2586"]
[WhiteFideId "5008123"]
[BlackFideId "14111330"]
[EventDate "2012.12.16"]

1. d4 f5 2. c4 Nf6 3. Nc3 e6 4. Nf3 Bb4 5. Bd2 O-O 6. g3 d6 7. Bg2 Bxc3 8. Bxc3
Ne4 9. Rc1 Nxc3 10. Rxc3 Qf6 11. O-O Nc6 12. d5 Nb4 13. a3 Na6 14. dxe6 Bxe6 15.
Nd4 c6 16. Nxe6 Qxe6 17. b4 Rac8 18. e3 Rfd8 19. Qd4 Qe5 20. Qd2 Nc7 21. Rd3 Rd7
22. Rd1 Rcd8 23. Rxd6 Nd5 24. Qa2 Kf8 25. Bxd5 1/2-1/2

[Event "SportAccord Blitz Women 2012"]
[Site "Beijing CHN"]
[Date "2012.12.17"]
[Round "14.3"]
[White "Paehtz, Elisabeth"]
[Black "Cmilyte, Viktorija"]
[Result "1/2-1/2"]
[WhiteTitle "IM"]
[BlackTitle "GM"]
[WhiteElo "2482"]
[BlackElo "2524"]
[WhiteFideId "4641833"]
[BlackFideId "12801259"]
[EventDate "2012.12.16"]

1. e4 c5 2. Nf3 d6 3. d4 Nf6 4. dxc5 Nxe4 5. cxd6 Nxd6 6. Nc3 g6 7. Bf4 Bg7 8.
Qd2 O-O 9. Be2 Nc6 10. O-O e5 11. Bh6 Nf5 12. Bxg7 Qxd2 13. Nxd2 Kxg7 14. Nb3
Nfd4 15. Nxd4 Nxd4 16. Bd3 f5 17. Nb5 Nxb5 18. Bxb5 Be6 19. Rfd1 Rac8 20. c3 Kf6
21. Bd7 Rcd8 22. Bxe6 Kxe6 23. Kf1 e4 24. Ke2 f4 25. Rxd8 Rxd8 26. Rd1 Rxd1 27.
Kxd1 Kd5 28. Kc2 b5 29. Kd2 g5 30. h3 h5 31. Ke2 Kc4 32. Kd2 h4 33. b3+ Kd5 34.
f3 e3+ 35. Kd3 Kc5 36. Ke2 a5 37. Kd3 Kd5 38. Ke2 Kc5 39. Kd3 Kc6 40. Ke2 Kd5
41. Kd3 Ke5 42. Ke2 b4 43. c4 Kd4 44. Ke1 a4 45. Kd1 a3 46. Ke2 Kc5 47. Kd3 Kc6
48. Ke2 Kd6 49. Kd3 Ke5 50. Ke2 Kd4 51. Ke1 Kc5 52. Ke2 Kc6 53. Kd3 Kd7 54. Ke2
Ke6 55. Ke1 Ke5 56. Ke2 Kd4 57. Ke1 Kc5 58. Ke2 1/2-1/2

[Event "SportAccord Blitz Women 2012"]
[Site "Beijing CHN"]
[Date "2012.12.17"]
[Round "14.4"]
[White "Harika, Dronavalli"]
[Black "Danielian, Elina"]
[Result "0-1"]
[WhiteTitle "GM"]
[BlackTitle "GM"]
[WhiteElo "2512"]
[BlackElo "2476"]
[WhiteFideId "5015197"]
[BlackFideId "13300210"]
[EventDate "2012.12.16"]

1. Nf3 Nf6 2. c4 c5 3. Nc3 g6 4. g3 Bg7 5. Bg2 O-O 6. d4 cxd4 7. Nxd4 Nc6 8. O-O
Nxd4 9. Qxd4 d6 10. Qd3 Qa5 11. h3 a6 12. Bd2 Bf5 13. e4 Be6 14. Nd5 Qd8 15. Bc3
Bxd5 16. exd5 Qc7 17. Rac1 Nd7 18. Bxg7 Kxg7 19. Kh2 Qa5 20. a3 Rac8 21. f4 b5
22. cxb5 axb5 23. Rc6 Kg8 24. Rfc1 Ra8 25. Qe3 Rfe8 26. R1c2 b4 27. axb4 Qxb4
28. Rc7 Qb5 29. h4 h5 30. Qe2 Qxe2 31. Rxe2 Rad8 32. b4 Kf8 33. Rb2 Nb6 34. Ra2
Rc8 35. Rb7 Rb8 36. Raa7 Nc4 37. b5 Ra8 38. Bf3 Rxa7 39. Rxa7 Rb8 40. Be2 Ne3
41. Ra3 Nxd5 42. Kg2 Nc7 43. Rb3 Rb6 44. Kf3 d5 45. Ke3 Ne6 46. Rb1 Ke8 47. Bf3
Nc7 48. Be2 Kd7 49. Kd4 Kd6 50. f5 e5+ 51. fxe6 Nxe6+ 52. Ke3 Ke5 53. Rf1 d4+
54. Kd2 Rb7 55. Bc4 Nd8 56. Re1+ Kd6 57. Re8 Ne6 58. Bxe6 fxe6 59. Rg8 Rxb5 60.
Rxg6 Rb3 61. Rg5 e5 62. Kc2 Rf3 63. Rxh5 Rxg3 64. Rh8 Kd5 65. h5 Rh3 66. h6 Ke4
67. h7 Rh2+ 68. Kb3 d3 69. Kc3 Rc2+ 70. Kb3 Rc7 71. Kb2 Rd7 72. Rg8 Rxh7 73.
Rg4+ Ke3 74. Rg3+ Kd4 75. Kc1 Rh1+ 76. Kd2 Rh2+ 77. Kd1 e4 78. Kc1 Kc3 79. Kb1
Rh1+ 80. Ka2 0-1

[Event "SportAccord Blitz Women 2012"]
[Site "Beijing CHN"]
[Date "2012.12.17"]
[Round "14.6"]
[White "Lahno, Kateryna"]
[Black "Hou, Yifan"]
[Result "0-1"]
[WhiteTitle "GM"]
[BlackTitle "GM"]
[WhiteElo "2553"]
[BlackElo "2606"]
[WhiteFideId "14109336"]
[BlackFideId "8602980"]
[EventDate "2012.12.16"]

1. e4 e6 2. d4 d5 3. e5 c5 4. c3 Nc6 5. Nf3 Qb6 6. a3 Nh6 7. b4 cxd4 8. Bxh6
gxh6 9. cxd4 Bg7 10. Nc3 a5 11. b5 Ne7 12. Na4 Qd8 13. Bd3 O-O 14. O-O b6 15.
Rc1 Bd7 16. Qc2 Rc8 17. Qb1 Ng6 18. Rxc8 Bxc8 19. Rc1 Bd7 20. g3 Qb8 21. h4 h5
22. Ng5 h6 23. Nh3 Ne7 24. Nf4 f6 25. Nxh5 fxe5 26. Nxg7 Kxg7 27. Qb2 e4 28. Bf1
Nf5 29. Bh3 Nd6 30. Nc3 Qd8 31. a4 Qe7 32. Ne2 Nc4 33. Qc3 Rf3 34. Qc2 Qa3 35.
Bg2 Rd3 36. Nf4 Rd2 37. Qb1 Rb2 38. Qa1 Ra2 39. Qb1 Nd2 40. Qxa2 Qxa2 41. Rc7
Qa1+ 42. Kh2 Nf3+ 43. Kh3 Nxd4 44. Rxd7+ Kf6 45. Rh7 0-1

[Event "SportAccord Blitz Women 2012"]
[Site "Beijing CHN"]
[Date "2012.12.17"]
[Round "15.1"]
[White "Khotenashvili, Bela"]
[Black "Zhao, Xue"]
[Result "1-0"]
[WhiteTitle "IM"]
[BlackTitle "GM"]
[WhiteElo "2504"]
[BlackElo "2565"]
[WhiteFideId "13602640"]
[BlackFideId "8601283"]
[EventDate "2012.12.16"]

1. b3 Nf6 2. Bb2 e6 3. f4 b5 4. Nf3 Bb7 5. d3 d5 6. e3 a6 7. Nbd2 Bc5 8. Qe2
Nbd7 9. h3 Bb6 10. g4 O-O 11. Rg1 a5 12. h4 a4 13. h5 c5 14. h6 a3 15. Be5 Nxe5
16. fxe5 Nd7 17. hxg7 Kxg7 18. Qh2 Rh8 19. g5 Ba5 20. Qh6+ Kg8 21. d4 Qf8 22.
Qh5 Qg7 23. O-O-O Kf8 24. Bh3 Ke7 25. Nf1 Raf8 26. N1h2 Kd8 27. Ng4 Kc7 28. Kb1
Bc6 29. Nf6 h6 30. g6 Kb6 31. gxf7 Qxf7 32. Qxf7 Rxf7 33. Bxe6 Rxf6 34. exf6
Nxf6 35. Rg6 Rf8 36. Ne5 Be8 37. Rxh6 Kc7 38. dxc5 Ne4 39. Rg1 Bc3 40. Rh7+ Kb8
41. Nd3 Bg6 42. Rh6 Nd2+ 43. Kc1 Bxd3 44. cxd3 Nxb3+ 45. Kc2 Nxc5 46. Kxc3 1-0

[Event "SportAccord Blitz Women 2012"]
[Site "Beijing CHN"]
[Date "2012.12.17"]
[Round "15.5"]
[White "Danielian, Elina"]
[Black "Cramling, Pia"]
[Result "1/2-1/2"]
[WhiteTitle "GM"]
[BlackTitle "GM"]
[WhiteElo "2476"]
[BlackElo "2516"]
[WhiteFideId "13300210"]
[BlackFideId "1700030"]
[EventDate "2012.12.16"]

1. d4 Nf6 2. Nf3 e6 3. Bg5 c5 4. c3 cxd4 5. cxd4 Bb4+ 6. Nc3 Qa5 7. Bd2 O-O 8.
a3 Be7 9. e4 d6 10. Bd3 Qd8 11. Qe2 d5 12. e5 Nfd7 13. h4 f5 14. exf6 Nxf6 15.
Ng5 Qb6 16. Be3 Nc6 17. Rd1 Bd7 18. O-O Rae8 19. b4 Bd6 20. Qc2 h6 21. Nh7 Nxh7
22. Bxh7+ Kh8 23. Bg6 Rc8 24. Qd2 Ne7 25. Bb1 Nf5 26. Rc1 Qd8 27. g3 Qf6 28. Ne2
Bb5 29. Rxc8 Rxc8 30. Rc1 Rxc1+ 31. Nxc1 Nxh4 32. gxh4 Qxh4 33. Bd3 Qh3 34. Bf4
Qg4+ 35. Bg3 Bxg3 36. fxg3 Qxg3+ 37. Kf1 Qf3+ 38. Ke1 Qg3+ 39. Kd1 Ba4+ 40. Bc2
Qg1+ 41. Ke2 Qg2+ 42. Kd1 Qg1+ 43. Ke2 Qg2+ 44. Kd1 Qg1+ 45. Ke2 Qg2+ 1/2-1/2

[Event "SportAccord Blitz Women 2012"]
[Site "Beijing CHN"]
[Date "2012.12.17"]
[Round "15.6"]
[White "Cmilyte, Viktorija"]
[Black "Harika, Dronavalli"]
[Result "0-1"]
[WhiteTitle "GM"]
[BlackTitle "GM"]
[WhiteElo "2524"]
[BlackElo "2512"]
[WhiteFideId "12801259"]
[BlackFideId "5015197"]
[EventDate "2012.12.16"]

1. d4 Nf6 2. c4 g6 3. Nc3 Bg7 4. e4 O-O 5. f3 d6 6. Nge2 c5 7. d5 e6 8. Ng3 exd5
9. cxd5 a6 10. a4 h5 11. Bg5 Qe8 12. Be2 Nh7 13. Be3 h4 14. Nf1 f5 15. Nd2 Nd7
16. Nc4 Qe7 17. Qd2 Rb8 18. a5 Ne5 19. Nxe5 Bxe5 20. f4 Bg7 21. e5 dxe5 22. d6
Qd8 23. Bc4+ Kh8 24. O-O exf4 25. Bxc5 Bd7 26. Nd5 Rc8 27. Bb6 Qg5 28. Rac1 h3
29. Nxf4 Bc6 30. Rf2 hxg2 31. Ne6 Qxd2 32. Rxd2 Bh6 33. Nxf8 Nxf8 34. Bd4+ Kh7
35. Rcd1 Bxd2 36. Rxd2 Re8 37. Bf2 Nd7 38. Bd5 Bxd5 39. Rxd5 Kg7 40. Kxg2 Kf7
41. Rd2 Re5 42. Bg3 Re4 43. Rc2 f4 44. Bf2 Ke6 45. Kf3 Rb4 46. Re2+ Kxd6 47.
Rd2+ Kc6 48. Bd4 g5 49. Kg4 Nc5 50. Bxc5 Kxc5 51. Kxg5 f3 52. h4 Re4 53. Rf2 Re3
54. h5 Kd4 55. h6 Re5+ 56. Kg6 Re6+ 57. Kg7 Ke3 58. Rf1 Ke2 59. Rh1 Re7+ 60. Kf6
Re8 61. Kf7 Rc8 62. h7 f2 63. Kg7 Rc7+ 64. Kg8 Rc8+ 65. Kg7 f1=Q 66. Rxf1 Kxf1
67. h8=Q Rxh8 68. Kxh8 Ke2 69. Kg7 Kd3 70. Kf6 Kc4 71. Ke5 Kb5 72. Kd4 Kxa5 73.
Kc4 Ka4 74. Kc3 b6 75. Kc4 a5 76. Kc3 Kb5 77. Kb3 Ka6 78. Kc3 b5 79. b3 Kb6 80.
Kd4 Kc6 81. Kd3 Kd5 82. Kc3 Kc5 83. Kd3 Kb4 84. Kc2 Ka3 85. Kc3 Ka2 86. Kc2 b4 0-1

[Event "SportAccord Blitz Women 2012"]
[Site "Beijing CHN"]
[Date "2012.12.17"]
[Round "15.7"]
[White "Muzychuk, Anna"]
[Black "Paehtz, Elisabeth"]
[Result "1/2-1/2"]
[WhiteTitle "GM"]
[BlackTitle "IM"]
[WhiteElo "2586"]
[BlackElo "2482"]
[WhiteFideId "14111330"]
[BlackFideId "4641833"]
[EventDate "2012.12.16"]

1. e4 e5 2. Nf3 Nc6 3. Bb5 a6 4. Ba4 Nf6 5. O-O Be7 6. Re1 b5 7. Bb3 d6 8. h3
O-O 9. c3 Bb7 10. d4 Re8 11. Ng5 Rf8 12. Nf3 Re8 13. Ng5 Rf8 14. Nf3 Re8 15. Ng5 1/2-1/2

[Event "SportAccord Blitz Women 2012"]
[Site "Beijing CHN"]
[Date "2012.12.17"]
[Round "15.8"]
[White "Socko, Monika"]
[Black "Koneru, Humpy"]
[Result "0-1"]
[WhiteTitle "GM"]
[BlackTitle "GM"]
[WhiteElo "2445"]
[BlackElo "2610"]
[WhiteFideId "1106619"]
[BlackFideId "5008123"]
[EventDate "2012.12.16"]

1. d4 d5 2. c4 e6 3. Nc3 Bb4 4. Nf3 Nf6 5. Bg5 Nbd7 6. e3 c5 7. cxd5 exd5 8.
dxc5 O-O 9. Be2 Bxc3+ 10. bxc3 Qa5 11. O-O Ne4 12. Bf4 Nxc3 13. Qc2 Nxe2+ 14.
Qxe2 Nxc5 15. Rfd1 Ne4 16. Ng5 Bf5 17. Nxe4 Bxe4 18. Qg4 Rac8 19. h4 Kh8 20. h5
h6 21. Be5 f6 22. Bd4 Rc2 23. a3 Qa6 24. f3 Qe2 25. Qg3 Bf5 26. Re1 Qa6 27. e4
dxe4 28. fxe4 Be6 29. Rad1 Qc6 30. Bf2 Bf7 31. Bxa7 b6 32. Rd6 Qc5+ 33. Kh2
Qxh5+ 34. Qh3 Qe5+ 35. Qg3 Qh5+ 36. Qh3 Qc5 37. Rxb6 Qc7+ 38. e5 Qxa7 39. Qe3
Qc7 40. Rb5 Rc3 41. Qd2 fxe5 42. Re4 Rc5 43. Rbb4 Bg6 44. Rh4 e4+ 45. g3 Rc2 0-1